نحو النجوم و قصص أخرى/ (Record no. 6619)
[ view plain ]
| 000 -LEADER | |
|---|---|
| fixed length control field | 01528nam a2200229Ia 4500 |
| 001 - CONTROL NUMBER | |
| control field | 6619 |
| 008 - FIXED-LENGTH DATA ELEMENTS--GENERAL INFORMATION | |
| fixed length control field | 260622s9999 xx 000 0 und d |
| 020 ## - INTERNATIONAL STANDARD BOOK NUMBER | |
| International Standard Book Number | 9789953891033 |
| 245 #0 - TITLE STATEMENT | |
| Title | نحو النجوم و قصص أخرى/ |
| Statement of responsibility, etc. | وليام فولكنر. مترجم: سامر أبو هواش |
| 260 ## - PUBLICATION, DISTRIBUTION, ETC. | |
| Name of publisher, distributor, etc. | دار الآداب، بيروت؛ كلمة، أبو ظبي؛ |
| Date of publication, distribution, etc. | 2009 |
| 300 ## - PHYSICAL DESCRIPTION | |
| Extent | 239p; |
| Dimensions | 22x14cm |
| 505 ## - FORMATTED CONTENTS NOTE | |
| Formatted contents note | Original title: Vintage International Collected Stories of William Faulkner. Ad Astra, and other Stories. By William Faulkner. Translated by Samer Abu Hawash ------This collection offers a fascinating glimpse into Faulkner's exploration of Southern life, cultural tensions, and human resilience, making it an essential read for literature enthusiasts. |
| 520 ## - SUMMARY, ETC. | |
| Summary, etc. | عنوان الروايات: ---- عجب عجاب، Original title: A Courtship؛ ----------الأرض الخراب، Original title: THE WASTELAND؛------- نحو النجوم، Original title: Ad Astra؛------- انتصار، Original title: Victory؛--------- الصدع، Original title: Crevasse؛--------- مبادلة، Original title: Turnabout؛--------- كل الطيارين الموتى، Original title: All the Dead Pilots. |
| 546 ## - LANGUAGE NOTE | |
| Language note | Arabic |
| 650 ## - SUBJECT ADDED ENTRY--TOPICAL TERM | |
| Topical term or geographic name entry element | PJ7501-8517 Arabic literature |
| 650 ## - SUBJECT ADDED ENTRY--TOPICAL TERM | |
| Topical term or geographic name entry element | Translated works |
| 9 (RLIN) | 9462 |
| 651 ## - SUBJECT ADDED ENTRY--GEOGRAPHIC NAME | |
| Geographic name | USA |
| 655 ## - INDEX TERM--GENRE/FORM | |
| Genre/form data or focus term | Fiction رواية |
| 9 (RLIN) | 9463 |
| 700 ## - ADDED ENTRY--PERSONAL NAME | |
| Personal name | Abu Hawash, Samer سامر أبو هواش |
| 9 (RLIN) | 9464 |
| 700 ## - ADDED ENTRY--PERSONAL NAME | |
| Personal name | Faulkner, William وليم فوكنر |
| 9 (RLIN) | 9465 |
| 942 ## - ADDED ENTRY ELEMENTS (KOHA) | |
| Koha item type | Book |
| Withdrawn status | Lost status | Damaged status | Not for loan | Collection | Home library | Current library | Date acquired | Total Checkouts | Full call number | Barcode | Date last seen | Price effective from | Koha item type |
|---|---|---|---|---|---|---|---|---|---|---|---|---|---|
| Language and Literature | SAF Reference Library | SAF Reference Library | 06/22/2026 | PJ7501-8517 60.813 | 6619 | 06/22/2026 | 06/22/2026 | Book |